Partnership Financing for Small Enterprise: Some Lessons from Islamic Credit Systems. (Record no. 1834)
[ view plain ]
| 005 - DATE AND TIME OF LATEST TRANSACTION | |
|---|---|
| control field | 20250430112513.0 |
| 020 ## - INTERNATIONAL STANDARD BOOK NUMBER | |
| International Standard Book Number | 1 85339 393 2 |
| 082 ## - DEWEY DECIMAL CLASSIFICATION NUMBER | |
| Classification number | 658.022 HAR |
| 100 ## - MAIN ENTRY--PERSONAL NAME | |
| Author name | HARPER, M. |
| 245 ## - TITLE STATEMENT | |
| Title | Partnership Financing for Small Enterprise: Some Lessons from Islamic Credit Systems. |
| 260 ## - PUBLICATION, DISTRIBUTION, ETC. | |
| Place of publication, distribution, etc. | London, |
| Name of publisher, distributor, etc. | IT Ltd, |
| Date of publication, distribution, etc. | 1997. |
| 300 ## - PHYSICAL DESCRIPTION | |
| Extent | 6p.: ill.; table |
| Dimensions | 29cm |
| 942 ## - ADDED ENTRY ELEMENTS (KOHA) | |
| Source of classification or shelving scheme | Dewey Decimal Classification |
| Koha item type | Books |
| Date last seen | Total checkouts | Full call number | Barcode | Cost, replacement price | Price effective from | Koha item type | Lost status | Source of classification or shelving scheme | Damaged status | Not for loan | Withdrawn status | Home library | Current library | Shelving location | Date acquired | Cost, normal purchase price |
|---|---|---|---|---|---|---|---|---|---|---|---|---|---|---|---|---|
| 04/30/2025 | 658.022 HAR | 0000007169 | 72000.00 | 04/30/2025 | Books | Dewey Decimal Classification | College of Business Education Main Library | College of Business Education Main Library | General Collection | 07/08/2016 | 24000.00 | |||||
| 04/30/2025 | 658.022 HAR | 0000007170 | 72000.00 | 04/30/2025 | Books | Dewey Decimal Classification | College of Business Education Main Library | College of Business Education Main Library | General Collection | 07/08/2016 | 24000.00 | |||||
| 04/30/2025 | 658.022 HAR | 0000007171 | 72000.00 | 04/30/2025 | Books | Dewey Decimal Classification | College of Business Education Main Library | College of Business Education Main Library | General Collection | 07/08/2016 | 24000.00 |
